2022 Nascar Cup Series Winners - Statistics

General Stats
  • This quiz has been taken 103 times
    87 since last reset
  • The average score is 15 of 18
Answer Stats
Race Driver % Correct
Busch Light Clash at the Coliseum Joey Logano
97%
Daytona 500at Daytona Austin Cindric
95%
Wise Power 400at Auto Club Kyle Larson
94%
Food City Dirt Raceat Bristol Kyle Busch
88%
Penzoil 400at Las Vegas Alex Bowman
86%
EchoPark Automotive Grand Prixat COTA Ross Chastain
83%
Bluegreen Vacations Duel 1at Daytona Brad Keselowski
81%
Bluegreen Vacations Duel 2at Daytona Chris Buescher
81%
Toyota Owners 400at Richmond Denny Hamlin
81%
Goodyear 400at Darlington Joey Logano
81%
Folds Of Honor QuikTrip 500at Atlanta William Byron
80%
DryDene 400at Dover Chase Elliott
78%
All Star Raceat Texas Ryan Blaney
78%
Blu-Emu Maximum Pain Reliefat Martinsville William Byron
78%
Advent Health 400at Kansas Kurt Busch
77%
Geico 500at Talledega Ross Chastain
77%
Coca Cola 600at Charlotte Denny Hamlin
75%
Ruoff Mortgage 500at Phoenix Chase Briscoe
70%
No matching quizzes found
Score Distribution
Percent of People with Each Score
Percentile by Number Answered
Your Score History
You have not taken this quiz since the last reset